Statistics for Biggest Cities in New Zealand

Click here to take the quiz!

General Stats

  • This quiz has been taken 254 times
  • The average score is 8 of 11

Answer Stats

HintAnswer% Correct
1,418,000Auckland
100%
397,900Wellington
100%
379,100Christchurch
96%
119,100Dunedin
76%
212,000Hamilton
75%
125,300Napier-
61%
61,600Nelson
58%
56,200Rotorua
52%
83,800Palmerston North
50%
53,400New Plymouth
48%
123,500Tauranga
47%

Score Distribution

Percentile by Number Answered

Percent of People with Each Score

Your Score History

You have not taken this quiz